Riconosci il Pokémon - Quiz n°74 - Statistics

Statistiche generali
  • Questo quiz è stato fatto 11 volte
  • Il punteggio medio è 9 su 10
Statistiche sulle risposte
Indizio Risposta % Corretto
Stadio evoluzione Forma Base
100%
Tipo Normale
100%
Generazione Seconda
100%
Peso 14,0 kg
82%
Altezza 1,5 m
82%
Tasso di cattura 190 (35.2%)
82%
Sesso 50% ♂, 50% ♀
82%
Tasso di allevamento Medio-Veloce
82%
Abilità Leggiadro; Fugafacile; Paura
82%
Pokémon Dunsparce
64%
Nessun quiz corrispondente trovato
Distribuzione punteggi
Percentuale di utenti per punteggio
Percentile per numero di risposta
I tuoi punteggi nel tempo
Non hai fatto questo quiz